000 01424nam a22002537a 4500
003 JO-AjAnu
005 20231202135848.0
008 231202b jo ||||| |||| 00| 0 ara d
020 _a9789777283821
040 _aJO-AjAnu
_bARA
_cJO-AjAnu
_dJO-AjAnu
_eRDA
041 0 _aARA
_hARA
050 _aSF488
_b2019
100 1 _aالحسيني، أسامة محمد
_964584
_eمؤلف
245 0 _aالتنمية المستدامة للإنتاج الحيواني والدواجن والاسماك = Sustainabla Development Livestock,Poultry and Fish Production
_bمواد العلف المركزة ذات الاصل الحيواني مالها وما عليها = Concentrate Feed Stuffs ''Animal Origin'' Pros and Cons, الجزء الاول /
_cأسامة محمد الحسيي، جلال الدين عبد العزيز، محمد حسن بكر
250 _aالطبعة الاولى
260 _aالقاهرة :
_bالمكتب العربي للمعارف،
_c2019
300 _a750 صفحة
500 _aيحتوي على رسوم وصور
504 _aيحتوي على مراجع باللغتين العربية والانجليزية
650 4 0 _aالزراعة-الانتاج الحيواني-الدواجن-الاسماك
_964586
700 1 _aعبدالعزيز، جلال الدين
_964587
_eمؤلف مشارك
700 1 _aبكر، محمد حسن
_964588
_eمؤلف مشارك
942 _2lcc
_cREF
_n0
999 _c33219
_d33219